Statistics for 100 Biggest cities in Japan on a map

Click here to take the quiz!

General Stats

  • This quiz has been taken 1,477 times
  • The average score is 31 of 100

Answers on the Map

Answers color-coded by a green-red scale on the quiz's map according to % correct below.
Loading ...
 

Answer Stats

PopulationCity% Correct
9,555,919Tōkyō
99%
2,725,006Ōsaka
97%
1,199,252Hiroshima
92%
1,468,980Kyōto
91%
1,966,416Sapporo
90%
416,419Nagasaki
90%
2,320,361Nagoya
87%
3,740,172Yokohama
85%
1,527,407Kōbe
75%
1,579,450Fukuoka
72%
1,088,669Sendai
67%
289,007Fukushima
60%
977,247Chiba
57%
1,516,483Kawasaki
52%
1,295,607Saitama
51%
800,582Niigata
50%
318,270Naha
48%
945,595Kitakyūshū
46%
597,193Kagoshima
45%
372,304Nagano
44%
721,329Okayama
43%
355,350Nara
43%
279,133Aomori
42%
739,556Kumamoto
41%
695,416Shizuoka
41%
308,482Akita
38%
794,025Hamamatsu
36%
478,113Ōita
36%
234,342Saga
35%
398,841Miyazaki
35%
425,848Toyota
35%
245,837Fuji
35%
256,476Hakodate
34%
417,332Toyama
33%
331,414Kōchi
33%
402,537Gifu
32%
357,868Wakayama
31%
831,017Sakai
31%
465,325Kanazawa
30%
256,698Tokushima
29%
263,529Fukui
29%
250,998Yamagata
28%
510,963Matsuyama
28%
294,047Morioka
27%
531,298Himeji
27%
332,131Asahikawa
26%
276,660Tsu
26%
723,012Sagamihara
24%
241,132Matsumoto
23%
419,696Takamatsu
22%
520,189Utsunomiya
22%
282,886Ibaraki
22%
334,261Maebashi
21%
341,488Ōtsu
21%
270,289Mito
21%
342,897Iwaki
20%
259,855Shimonoseki
20%
463,020Fukuyama
20%
397,618Yokosuka
19%
249,628Sasebo
19%
577,254Hachiōji
18%
476,073Kurashiki
18%
269,508Nagaoka
18%
332,863Kōriyama
18%
635,947Funabashi
17%
496,082Higashiōsaka
17%
297,920Akashi
17%
304,125Kurume
16%
488,126Nishinomiya
16%
369,733Takasaki
16%
373,592Toyohashi
16%
386,639Okazaki
16%
424,322Kashiwa
15%
589,049Kawaguchi
15%
451,072Amagasaki
15%
310,750Yokkaichi
14%
353,814Kawagoe
14%
237,039Tsukuba
14%
349,454Takatsuki
13%
380,235Ichinomiya
13%
433,938Machida
12%
431,286Fujisawa
12%
492,752Ichikawa
12%
263,697Kakogawa
12%
266,920Yao
12%
398,295Toyonaka
12%
400,690Hirakata
12%
263,835Fuchū
11%
490,632Matsudo
10%
258,004Hiratsuka
10%
235,846Yamato
10%
380,634Suita
9%
271,453Ichihara
9%
341,469Tokorozawa
9%
343,770Koshigaya
9%
242,003Chigasaki
8%
307,180Kasugai
8%
231,821Neyagawa
8%
237,637Chōfu
7%
249,706Sōka
6%

Score Distribution

Percentile by Number Answered

Percent of People with Each Score

Your Score History

You have not taken this quiz